COURT OF APPEAL ELECTION PETITION APPLN No.07 OF 2012. Kasibante Moses Vs Electoral Commission (Record no. 5458)

MARC details
000 -LEADER
fixed length control field 00551nam a22001097a 4500
008 - FIXED-LENGTH DATA ELEMENTS--GENERAL INFORMATION
fixed length control field 130709b xxu||||| |||| 00| 0 eng d
010 ## - LIBRARY OF CONGRESS CONTROL NUMBER
Field link and sequence number CAEP.APPLF-74
245 ## - TITLE STATEMENT
Title COURT OF APPEAL ELECTION PETITION APPLN No.07 OF 2012. Kasibante Moses Vs Electoral Commission
260 ## - PUBLICATION, DISTRIBUTION, ETC. (IMPRINT)
Place of publication, distribution, etc Court of Appeal Kampala
Date of publication, distribution, etc Judgement entered on 30th April 2012
500 ## - GENERAL NOTE
Materials specified CORAM: Hon. Lady Justice C.K. Byamugisha, Hon.Justice S.B.K Kavuma, Hon. Justice Remmy Kasule
500 ## - GENERAL NOTE
Materials specified This Election Petition Appln No. 07 of 2012 is Arising from Election Petition Appeal No. 47 of 2011
Holdings
Withdrawn status Lost status Source of classification or shelving scheme Damaged status Koha normalized classification for sorting Not for loan Location (home branch) Sublocation or collection (holding branch) Shelving location Date acquired Koha issues (times borrowed) Koha full call number Piece designation (barcode) Koha date last seen Price effective from Koha item type Public note
    Dewey Decimal Classification   CAEP__APPL_F74B   Law Development Centre Main Library Law Development Centre Main Library Reference 07/09/2013   CAEP.APPL F-74b 5221/2013 07/09/2013 07/09/2013 Un Reported Cases Judgement entered on 30th April 2012